Statistics for Nomes of Egypt in Assassin's Creed Origins

Click here to take the quiz!

General Stats

  • This quiz has been taken 41 times
  • The average score is 11 of 35

Answer Stats

Nomes% Correct
Alexandria
94%
Siwa
83%
Memphis
71%
Black Desert
63%
White Desert
63%
Giza
57%
Faiyum
46%
Green Mountains
37%
Desheret Desert
34%
Herakleion Nome
34%
Kyrenaika
31%
Libue
31%
Qattara Depression
31%
Faiyum Oasis
29%
Great Sand Sea
29%
Lake Mareotis
29%
White Desert Oasis
29%
Iment Nome
26%
Isolated Desert
26%
Kanopos Nome
26%
Saqqara Nome
26%
Great Green Sea
23%
Im-Khent Nome
23%
Sapi-Res Nome
23%
Uab Nome
23%
Marmarica
20%
Haueris Nome
17%
Mesogeios Sea
17%
Sap-Meh Nome
17%
Atef-Pehu Nome
14%
Ineb-Hedjet Nome
14%
Ka-Khem Nome
14%
Khensu Nome
14%
Paraitonion
14%
Western Desert
9%

Score Distribution

Percentile by Number Answered

Percent of People with Each Score

Your Score History

You have not taken this quiz